Southville International School and Colleges
Your cart is empty.
  • Cart
  • Lists
    Public lists Eva Luna New books Lux_list list_1
    Your lists Log in to create your own lists
  • Log in to your account
  • Your cookies
  • Search history
Southville International School and Colleges
  • Advanced search
  • Recent comments
  • Most popular
  • Libraries

Log in to your account

Log in with GOOGLE


If you do not have an external account, but do have a local account, you can still log in:

  1. Home
  2. MARC view: A brief history of Henry VIII : reformer and tyrant
Normal view MARC view ISBD view

A brief history of Henry VIII : reformer and tyrant (Record no. 118420)

[ view plain ]
MARC details
000 -LEADER
fixed length control field 00506nam a2200181Ia 4500
003 - CONTROL NUMBER IDENTIFIER
control field 0
005 - DATE AND TIME OF LATEST TRANSACTION
control field 20230728134148.0
008 - FIXED-LENGTH DATA ELEMENTS--GENERAL INFORMATION
fixed length control field 140611s9999 xx 000 0 und d
020 ## - INTERNATIONAL STANDARD BOOK NUMBER
International Standard Book Number 9780762436231
050 ## - LIBRARY OF CONGRESS CALL NUMBER
Classification number DA 332
Item number .W55 2009
100 ## - MAIN ENTRY--PERSONAL NAME
Personal name Derek Wilson
245 ## - TITLE STATEMENT
Title A brief history of Henry VIII : reformer and tyrant
Statement of responsibility, etc Wilson, Derek
260 ## - PUBLICATION, DISTRIBUTION, ETC. (IMPRINT)
Place of publication, distribution, etc London
Name of publisher, distributor, etc Constable & Robinson Ltd.
Date of publication, distribution, etc c2009.
300 ## - PHYSICAL DESCRIPTION
Extent 386 p. :
Other physical details ill. ;
Dimensions 20 cm.
500 ## - GENERAL NOTE
General note Henry VIII.
942 ## - ADDED ENTRY ELEMENTS (KOHA)
Source of classification or shelving scheme Library of Congress Classification
Koha item type Books
Holdings
Withdrawn status Lost status Source of classification or shelving scheme Damaged status Home library Current library Shelving location Date acquired Source of acquisition Cost, normal purchase price Total Checkouts Total Renewals Full call number Barcode Date last seen Date checked out Price effective from Koha item type
    Library of Congress Classification   Luxembourg Library Luxembourg Library Teachers Reference Section 06/11/2014 Donation 80.80 2 3 DA 332 .W55 2009 19766 12/08/2017 07/18/2017 06/11/2014 Books

A brief history of Henry VIII : reformer and tyrant

APA

Derek Wilson, . (2009). A brief history of Henry VIII : reformer and tyrant. London: Constable & Robinson Ltd.

Chicago

Derek Wilson, . 2009. A brief history of Henry VIII : reformer and tyrant. London: Constable & Robinson Ltd.

Harvard

Derek Wilson, . (2009). A brief history of Henry VIII : reformer and tyrant. London: Constable & Robinson Ltd.

MLA

Derek Wilson, . A brief history of Henry VIII : reformer and tyrant. London: Constable & Robinson Ltd. 2009.

  • Place hold
  • Print
  • Cite
  • Add to your cart (remove)
  • Save record
    BIBTEX Dublin Core MARCXML MARC (non-Unicode/MARC-8) MARC (Unicode/UTF-8) MARC (Unicode/UTF-8, Standard) MODS (XML) RIS
  • More searches
    Search for this title in:
    Other Libraries (WorldCat) Other Databases (Google Scholar) Online Stores (Bookfinder.com) Open Library (openlibrary.org)

Exporting to Dublin Core...

SOUTHVILLE LIBRARY

Southville International School and Colleges Library

1281 Tropical Ave. Cor. Luxembourg St., BF Homes International, Las Pinas City

Tel. No. 8256374 / 252358 Loc. 117/146

Powered by Koha